<?xml version='1.0' encoding='UTF-8'?>
  <record xmlns="http://www.loc.gov/MARC21/slim">
    <leader>00000cam a2200000 i 4500</leader>
    <controlfield tag="001">ocm67939600</controlfield>
    <controlfield tag="003">OCoLC</controlfield>
    <controlfield tag="005">20260325115853.7</controlfield>
    <controlfield tag="008">990205s1536    gw            000 0 ger d</controlfield>
    <datafield tag="040" ind1=" " ind2=" ">
      <subfield code="a">NLGGC</subfield>
      <subfield code="b">eng</subfield>
      <subfield code="e">rda</subfield>
      <subfield code="e">dcrmr</subfield>
      <subfield code="c">NLGGC</subfield>
      <subfield code="d">QGJ</subfield>
      <subfield code="d">OCLCL</subfield>
      <subfield code="d">MNC</subfield>
      <subfield code="d">QGJ</subfield>
    </datafield>
    <datafield tag="029" ind1="0" ind2=" ">
      <subfield code="a">NLGGC</subfield>
      <subfield code="b">180222023</subfield>
    </datafield>
    <datafield tag="035" ind1=" " ind2=" ">
      <subfield code="a">(OCoLC)67939600</subfield>
    </datafield>
    <datafield tag="043" ind1=" " ind2=" ">
      <subfield code="a">e-gx---</subfield>
    </datafield>
    <datafield tag="092" ind1=" " ind2=" ">
      <subfield code="a">284.91</subfield>
      <subfield code="b">L9774v 1523</subfield>
    </datafield>
    <datafield tag="100" ind1="1" ind2=" ">
      <subfield code="a">Haugwitz, Christoph von,</subfield>
      <subfield code="d">-1536,</subfield>
      <subfield code="e">author.</subfield>
      <subfield code="4">aut</subfield>
      <subfield code="1">https://id.oclc.org/worldcat/entity/E39PBJpDHwFgH8CCGFRDghqqQq</subfield>
    </datafield>
    <datafield tag="245" ind1="1" ind2="0">
      <subfield code="a">Woher Thumherrn Canonici heissen, Vnd was jr vnd etlicher anderer jrer Thumpfaffen vrsprüngliche Empter, gewesen sind. :</subfield>
      <subfield code="b">Dialogus. /</subfield>
      <subfield code="c">Durch Er Christoff von Haugwitz Canonicum zu Bautzen jnn der obern Lausznitz geschrieben. Mit einer schrifft D. Johan. Pomerani, Von guten Kirchen Ordnungen.</subfield>
    </datafield>
    <datafield tag="246" ind1="3" ind2=" ">
      <subfield code="a">Woher Thumherrn Canonici heissen, Und was ir und etlicher anderer jrer Thumpfaffen ursprüngliche Empter gewesen sind</subfield>
    </datafield>
    <datafield tag="264" ind1=" " ind2="1">
      <subfield code="a">Wittemberg, :</subfield>
      <subfield code="b">gedruckt Nickel Schirlentz.,</subfield>
      <subfield code="c">1536.</subfield>
    </datafield>
    <datafield tag="300" ind1=" " ind2=" ">
      <subfield code="a">[36] leaves ;</subfield>
      <subfield code="c">20 cm (4to)</subfield>
    </datafield>
    <datafield tag="336" ind1=" " ind2=" ">
      <subfield code="a">text</subfield>
      <subfield code="b">txt</subfield>
      <subfield code="2">rdacontent</subfield>
    </datafield>
    <datafield tag="337" ind1=" " ind2=" ">
      <subfield code="a">unmediated</subfield>
      <subfield code="b">n</subfield>
      <subfield code="2">rdamedia</subfield>
    </datafield>
    <datafield tag="338" ind1=" " ind2=" ">
      <subfield code="a">volume</subfield>
      <subfield code="b">nc</subfield>
      <subfield code="2">rdacarrier</subfield>
    </datafield>
    <datafield tag="340" ind1=" " ind2=" ">
      <subfield code="m">4to</subfield>
      <subfield code="2">rdabf</subfield>
    </datafield>
    <datafield tag="500" ind1=" " ind2=" ">
      <subfield code="a">Johannes Pomeranus is Johann Bugenhagen. See fol. E4v: "Eine Vorrede aus der Hamburgischen Ordnung genomen, Darinn man findet die wort von den Canonicis oder Thumherrn, Welche Er Christoff jnn seinem Dialogo gedenckt. / Geschreiben durch D. Johannem Bugenhagen Pomern."</subfield>
    </datafield>
    <datafield tag="500" ind1=" " ind2=" ">
      <subfield code="a">Colophon: Gedruckt zu Wittemberg Nickel Schirlentz. 1536.</subfield>
    </datafield>
    <datafield tag="500" ind1=" " ind2=" ">
      <subfield code="a">Signatures: A-I⁴.</subfield>
    </datafield>
    <datafield tag="500" ind1=" " ind2=" ">
      <subfield code="a">With initials.</subfield>
    </datafield>
    <datafield tag="510" ind1="4" ind2=" ">
      <subfield code="a">Verzeichnis der im deutschen Sprachbereich erschienenen Drucke des 16. Jahrhunderts (VD 16),</subfield>
      <subfield code="c">H 786</subfield>
      <subfield code="u">https://gateway-bayern.de/VD16+H+786</subfield>
    </datafield>
    <datafield tag="510" ind1="4" ind2=" ">
      <subfield code="3">Bugenhagen, Johann. Von guten Kirchenordnungen:</subfield>
      <subfield code="a">Verzeichnis der im deutschen Sprachbereich erschienenen Drucke des 16. Jahrhunderts (VD 16),</subfield>
      <subfield code="c">B 9468</subfield>
      <subfield code="u">https://gateway-bayern.de/VD16+B+9468</subfield>
    </datafield>
    <datafield tag="510" ind1="4" ind2=" ">
      <subfield code="a">Geisenhof, G. Bibliotheca Bugenhagiana,</subfield>
      <subfield code="c">292</subfield>
    </datafield>
    <datafield tag="510" ind1="4" ind2=" ">
      <subfield code="a">Universal short title catalogue,</subfield>
      <subfield code="c">707275</subfield>
      <subfield code="u">https://www.ustc.ac.uk/editions/707275</subfield>
    </datafield>
    <datafield tag="700" ind1="1" ind2="2">
      <subfield code="i">Container of (work):</subfield>
      <subfield code="a">Bugenhagen, Johann,</subfield>
      <subfield code="d">1485-1558.</subfield>
      <subfield code="t">Von guten Kirchenordnungen.</subfield>
    </datafield>
    <datafield tag="700" ind1="1" ind2=" ">
      <subfield code="a">Schirlentz, Nickel,</subfield>
      <subfield code="e">printer.</subfield>
      <subfield code="4">prt</subfield>
      <subfield code="1">https://id.oclc.org/worldcat/entity/E39PBJqBkyqwtmvXDTQgDb4THC</subfield>
    </datafield>
    <datafield tag="752" ind1=" " ind2=" ">
      <subfield code="a">Germany</subfield>
      <subfield code="b">Saxony-Anhalt</subfield>
      <subfield code="d">Wittenberg,</subfield>
      <subfield code="e">publication place.</subfield>
      <subfield code="4">pup</subfield>
    </datafield>
    <datafield tag="758" ind1=" " ind2=" ">
      <subfield code="i">has work:</subfield>
      <subfield code="a">Woher Thumherrn Canonici heissen vnd was jr vnd etlicher anderer jrer Thumpfaffen vrsprüngliche Empter gewesen sind (Text)</subfield>
      <subfield code="1">https://id.oclc.org/worldcat/entity/E39PCGCHKXW6DX9CrVgvHFtHqP</subfield>
      <subfield code="4">https://id.oclc.org/worldcat/ontology/hasWork</subfield>
    </datafield>
  </record>